Disney Trivia- Letter N - Statistics

General Stats
  • This quiz has been taken 105 times
  • The average score is 11 of 16
Answer Stats
Question Answer % Correct
She falls in love with Simba Nala
99%
Fill in the blank from this Disney song title: "A Whole ____ world" new
99%
Fill in the blank from this Disney lyric: "And it hurt that my friends _____ stood downwind" never
95%
Where does Peter Pan live? Neverland
92%
The tax collector in Robin Hood is called the Sheriff of __________ Nottingham
80%
Fill in the blank from this Disney song title: "The bare __________" necessities
79%
In what French building does Quasimodo live? Notre Dame
78%
Where is The Princess and the Frog set? New Orleans
72%
What is the name of the Darling's dog? Nana
71%
Fill in the blank from this Disney quote: "They just can't get my _____ right" nose
68%
Who is Marlin's son? Nemo
67%
Fill in the blank from this Disney lyric: "The honey bees that fetch the _____ from the flowers to the comb" nectar
66%
Fill in the blank from this Disney lyric: "And it's _______ like I've ever known before, love is an open door" nothing
61%
Wendy meets Peter Pan on her last night in the ________? nursery
32%
What is the name of the bloodhound from the Aristocats? Napoleon
13%
One of the lost boys Nibs
12%
No matching quizzes found
Score Distribution
Percent of People with Each Score
Percentile by Number Answered
Your Score History
You have not taken this quiz